Mini-Minefields III Quiz Stats

Quiz Updated Oct 19, 2017

Also try: Mini-Minefields II
Challenge
Share
Tweet
Embed
Score 0/48 Timer 06:00
0 Plays Today
% Correct
???
60.1%
???
54.5%
???
54.3%
???
49.7%
???
48.7%
???
47.4%
???
46.1%
???
45.6%
???
43.2%
???
39.8%
???
39.3%
???
35.9%
???
35.9%
???
35.9%
???
35.6%
???
30.5%
???
29.8%
???
28.4%
???
27.6%
???
27.6%
???
27.6%
???
24.9%
???
23.5%
???
22.8%
% Correct
???
22.5%
???
22.4%
???
22%
???
22%
???
20.9%
???
20.6%
???
18.4%
???
18.2%
???
17.8%
???
17.7%
???
17.7%
???
17.6%
???
14.6%
???
14.6%
???
14.6%
???
14.1%
???
13.8%
???
13.7%
???
10%
???
10%
???
10%
???
9.7%
???
9.6%
???
9.6%

You're not logged in!

Compare scores with friends on all Sporcle quizzes.
Sign Up with Email
OR
Log In

You Might Also Like...

Show Comments

Extras

Top Quizzes Today


Score Distribution

Your Account Isn't Verified!

In order to create a playlist on Sporcle, you need to verify the email address you used during registration. Go to your Sporcle Settings to finish the process.

Report this User

Report this user for behavior that violates our Community Guidelines.

Details: